CLIC Les oiseaux barbus, chevelus... - Statistiques

Statistiques générales
  • Ce quiz a été pris 9 fois
  • Le résultat moyen est 7 sur 38
Statistiques - réponses
Hint Réponse % Correct
Panure à moustaches
88%
Gypaète barbu(e)
75%
Outarde barbu(e)
63%
Jacana à crête
38%
Eider à lunettes
38%
Ibis chauve
38%
Crabier chevelu(e)
38%
Guan à crête
25%
Bernache à crinière
25%
Lusciniole à moustaches
25%
Pic chevelu(e)
25%
Canard à bosse / à crinière
13%
Foulque à crête
13%
Duc à crinière
13%
Todirostre à lunettes
13%
Pélican à lunettes
13%
Fauvette à lunettes / à moustaches
13%
Paruline à moustaches
13%
Bruant à moustaches
13%
Chipiu à moustaches
13%
Guêpier à moustaches
13%
Geai à moustaches
13%
Caïque chauve
13%
Barbican chauve
13%
Oréophase cornu(e)
13%
Kamichi cornu(e)
13%
Macareux cornu(e)
13%
Calao ridé(e)
13%
Tangara à crête
0%
Drongo à crinière
0%
Synallaxe à lunettes
0%
Tohi à lunettes
0%
Grimpar à moustaches
0%
Mésangeai barbu(e)
0%
Alapi barbu(e)
0%
Grèbe cornu(e)
0%
Méliphage cornu(e)
0%
Acanthize ridé(e)
0%
Aucun quiz correspondant
Distribution des résultats
% des personnes avec chaque résultat
Percentile par nombre de réponses
Votre historique - résultats
Vous n’avez pas pris ce quiz